000 00555nam a22002177a 4500
003 UA-OsUOA
001 104778
007 ta
008 20140129b un ||||| |||| 00| 0 ukr d
100 _aКудряшов В.П.
090 _a330(477)
_bК88
942 _cSA
040 _aUA-OsUOA
_bukr
_cUA-OsUOA
_dUA-OsUOA
245 _aФіскальна консолідація та її впливи
300 _aС.31-47
955 _a0
041 _aukr
080 _a330(477)
773 0 _w104777
650 7 _a330 Економіка взагалі
_2UDC
999 _c390980
_d390980